| 000 | 00484nam a2200181 a 4500 | ||
|---|---|---|---|
| 005 | 20140310183453.0 | ||
| 008 | 090807s19uu xx 00 eng d | ||
| 020 | _a9712710505 | ||
| 050 |
_aPN 1997.S258 _b.T25 2001 |
||
| 100 | _aGuillen, Laurice | ||
| 245 |
_aTanging yaman : _bthe film book / _cLaurice Guillen |
||
| 260 |
_aManila : _bAnvil, Publishing, _c2001. |
||
| 300 |
_a173 p. : _c19 cm. |
||
| 521 | _aBSBA | ||
| 650 | _aFilm. | ||
| 942 |
_cBK _2lcc _kFOR |
||
| 999 |
_c23513 _d23513 |
||